Il Cimitero di Praga / (Record no. 95021)
[ view plain ]
| 000 -LEADER | |
|---|---|
| campo de control de longitud fija | 01501cam a2200205 i 4500 |
| 001 - NÚMERO DE CONTROL | |
| campo de control | 116589 |
| 005 - FECHA Y HORA DE LA ÚLTIMA TRANSACCIÓN | |
| campo de control | 20230410142410.0 |
| 008 - DATOS DE LONGITUD FIJA--INFORMACIÓN GENERAL | |
| campo de control de longitud fija | 140804s2013 it ac r 000 f ita d |
| 020 ## - NÚMERO INTERNACIONAL ESTÁNDAR DEL LIBRO | |
| Número Internacional Estándar del Libro | 9788845268335 |
| 100 1# - ENTRADA PRINCIPAL--NOMBRE DE PERSONA | |
| Nombre de persona | Eco, Umberto. |
| Fechas asociadas al nombre | 1932- |
| 245 03 - MENCIÓN DEL TÍTULO | |
| Título | Il Cimitero di Praga / |
| Mención de responsabilidad, etc. | Umberto Eco |
| 250 ## - MENCION DE EDICION | |
| Mención de edición | 1ª ed. |
| 260 ## - PUBLICACIÓN, DISTRIBUCIÓN, ETC. | |
| Lugar de publicación, distribución, etc. | Italia : |
| Nombre del editor, distribuidor, etc. | Tascabili Bompiani, |
| Fecha de publicación, distribución, etc. | 2013 |
| 300 ## - DESCRIPCIÓN FÍSICA | |
| Extensión | 523 p. : |
| Otras características físicas | ill. |
| 500 ## - NOTA GENERAL | |
| Nota general | Contiene referencias iconográficas. |
| 505 0# - NOTA DE CONTENIDO CON FORMATO | |
| Nota de contenido con formato | Il pasante che in quella grigia mattina -- Chi sono? -- Chez Magny -- I tempi del nonno -- Simonino carbonaro -- Al sevizio dei Servizi -- Coi Mille -- L'Ercole -- Parigi -- Dalla Piccola perplesso -- Joly -- Una notte a Praga -- Dalla Piccola dice di non essere Dalla Piccola -- Biarritz -- Dalla Piccola redivio -- Boullan -- I giorni della Comune -- Protocolli -- Osman Bey -- Dei russi? -- Taxil -- Il diavolo al XIX secolo -- Dodici anni ben spesi -- Una notte a messa -- Chiarirsi le idee -- La soluzione finale -- Diario interrotto |
| 520 ## - RESUMEN, ETC. | |
| Sumario, etc. | Simone Simonini è un falsario. Si sposta nell'Europa ottocentesca offrendo i propri servigi a governanti, poliziotti e servizi segreti. Messe nere e attentati dinamitardi, gesuiti, massoni, camicie rosse e carbonari, il suo genio bilioso plasma in silenzio la Storia, seminando dietro di sé una scia di rovine e dolore. Dal naufragio in cui muore Ippolito Nievo, all'affaire Dreyfus alla torbida invenzione dei Protocolli dei Savi Anziani di Sion. |
| 942 ## - ELEMENTOS DE ENTRADA SECUNDARIOS (KOHA) | |
| Fuente del sistema de clasificación o colocación | Clasificación de Library of Congress |
| Tipo de ítem Koha | |
| 946 ## - PROCESAMIENTO DE INFORMACIÓN LOCAL (OCLC) | |
| a | JaaM |
| Estatus retirado | Estado de pérdida | Fuente del sistema de clasificación o colocación | Estado de daño | No para préstamo | Colección | Biblioteca de origen | Biblioteca actual | Ubicación en estantería | Fecha de adquisición | Serial enumeration / chronology | Código de barras | Visto por última vez | Copia número | Tipo de ítem Koha |
|---|---|---|---|---|---|---|---|---|---|---|---|---|---|---|
| Clasificación de Library of Congress | Oficina Leonel Fernández | Biblioteca Juan Bosch | Biblioteca Juan Bosch | Colección 6to. Piso | 10/04/2023 | 1235 | 00000109262 | 17/11/2018 | 1 |
